000 00602nam a2200205 a 4500
005 20220622063626.0
008 140407s2006 ug r 000 0 spa d
020 _a8496448169
035 _aUPN01000196873
049 _aI
050 4 _aPZ76.3
_bT4.5
100 1 _aTich, Jan
_935504
245 1 0 _aPope y sus amigos conocen a Pin /
_cJan Tich ; il. Pastor A. Nora.
260 _aMontevideo :
_bNicanitasantiago,
_c[2006].
300 _a[20] p. :
_bil. col.
440 0 _aGrandes lugares para la aventura
650 0 _aAnimales
_vCuentos y leyendas
_9234
905 _aInfantil
999 _c168974
_d168974